|
|
|
|
| LEADER |
00000naa a2200000 c 4500 |
| 001 |
1914138384 |
| 003 |
DE-627 |
| 005 |
20250110112158.0 |
| 007 |
tu |
| 008 |
250110s2022 xx ||||| 00| ||ger c |
| 035 |
|
|
|a (DE-627)1914138384
|
| 035 |
|
|
|a (DE-599)KXP1914138384
|
| 040 |
|
|
|a DE-627
|b ger
|c DE-627
|e rda
|
| 041 |
|
|
|a ger
|
| 084 |
|
|
|a 1
|2 ssgn
|
| 100 |
1 |
|
|e VerfasserIn
|0 (DE-588)1072788322
|0 (DE-627)828237468
|0 (DE-576)434244945
|4 aut
|a Möller, Friedrich
|
| 109 |
|
|
|a Möller, Friedrich
|
| 245 |
1 |
0 |
|a Russische Kleinglocken
|c von Friedrich Möller
|
| 264 |
|
1 |
|c 2022
|
| 336 |
|
|
|a Text
|b txt
|2 rdacontent
|
| 337 |
|
|
|a ohne Hilfsmittel zu benutzen
|b n
|2 rdamedia
|
| 338 |
|
|
|a Band
|b nc
|2 rdacarrier
|
| 689 |
0 |
0 |
|d s
|0 (DE-588)4051038-4
|0 (DE-627)104253231
|0 (DE-576)209090987
|2 gnd
|a Russisch
|
| 689 |
0 |
1 |
|d s
|0 (DE-588)4021292-0
|0 (DE-627)106314726
|0 (DE-576)208937099
|2 gnd
|a Glocke
|
| 689 |
0 |
|
|5 (DE-627)
|
| 773 |
0 |
8 |
|i Enthalten in
|t Jahrbuch für Glockenkunde
|d Gescher, 1990
|g 33/34. 2021/2022(2022), Seite 155-176
|w (DE-627)130920444
|w (DE-600)1052945-7
|w (DE-576)022340599
|x 0938-6998
|7 nnas
|
| 773 |
1 |
8 |
|g volume:33/34. 2021/2022
|g year:2022
|g pages:155-176
|
| 951 |
|
|
|a AR
|
| ELC |
|
|
|b 1
|
| ORI |
|
|
|a SA-MARC-ixtheo_oa001.raw
|
| STA |
0 |
0 |
|a Bell,Russian language
|
| STB |
0 |
0 |
|a Cloche,Russe
|
| STC |
0 |
0 |
|a Campanilla,Ruso
|
| STD |
0 |
0 |
|a Campana,Russo
|
| STF |
0 |
0 |
|a 俄语会话手册,鐘 (敲擊器)
|
| STG |
0 |
0 |
|a Russo,Sino,Campainha,Campainha
|
| STH |
0 |
0 |
|a Колокол,Русский (язык)
|
| STI |
0 |
0 |
|a Καμπάνα,Ρωσικά,Ρωσική γλώσσα
|
| SYG |
0 |
0 |
|a Großrussisch,Russische Sprache , Glockenspiel,Glockenkunst
|